Cuerpo en armonía : leyes naturales del movimiento /

Manual básico para varias disciplinas en las que el movimiento corporal está implicado. Enfocado desde una óptica pedagógica, deportiva, expresiva, terapéutica de de ocio. Se describen en esta obra las leyes por las que se rige el movimiento humano y cómo incorporarlas al propio cuerpo en la vida di...

Descripció completa

Guardat en:
Dades bibliogràfiques
Autor principal: Benito Vallejo, Joaquín (autor)
Format: Llibre
Idioma:espanyol
Publicat: Barcelona, España : INDE, 2001, c2001
Matèries:
Etiquetes: Afegir etiqueta
Sense etiquetes, Sigues el primer a etiquetar aquest registre!

MARC

LEADER 00000nam^a2200000^a^4500
001 000160310
005 20250521000000.0
009 20260310100720.18
020 |a 84-95114-99-2 
037 |a Acervo ITESO - Biblioteca 
041 |a ESP 
082 |a 612. 76  |b BEN 
100 |a Benito Vallejo, Joaquín  |e (autor) 
245 1 0 |a Cuerpo en armonía :  |b leyes naturales del movimiento /  |c J. Benito Vallejo ; pról. de Marta Schinca. 
264 4 |a Barcelona, España :  |b INDE,  |c 2001, c2001 
300 |a 286 p. 
336 |a texto  |b txt  |2 rdacontenido 
337 |a sin mediación  |b n  |2 rdamedio 
338 |a volumen  |b nc  |2 rdasoporte 
520 |a Manual básico para varias disciplinas en las que el movimiento corporal está implicado. Enfocado desde una óptica pedagógica, deportiva, expresiva, terapéutica de de ocio. Se describen en esta obra las leyes por las que se rige el movimiento humano y cómo incorporarlas al propio cuerpo en la vida diaria. 
649 |a XX 
650 |a Movimiento (Percepción) 
650 |a Psicomotricidad 
650 |a Lenguaje Corporal 
650 |a Gimnasia 
650 |a Psicología Fisiológica 
650 |a Fisiología 
650 |a Cuerpo Humano 
650 |a Educación Física 
650 |a Biomecánica 
910 |a Fondo General 
920 |a Impresos - Libros 
930 |a Colección General 
905 |a 101 
901 |a 0500093081  |b IT1  |c ACC  |u 20250521 
902 |a https://opac.biblio.iteso.mx/vufind/Record/000160310